LIBRARY & INFORMATION CENTRE, KCAET, TAVANUR

ONLINE PUBLIC ACCESS CATALOGUE (OPAC)

Recommendations for hydraulic design of high ooge over flow spillways,IS:6934-1973 / (Record no. 4648)

MARC details
000 -LEADER
fixed length control field 00973cam a2200157ua 4500
041 ## - LANGUAGE CODE
Language code of text/sound track or separate title eng
082 ## - DEWEY DECIMAL CLASSIFICATION NUMBER
Classification number 627.831
Item number IND/RE
245 ## - TITLE STATEMENT
Title Recommendations for hydraulic design of high ooge over flow spillways,IS:6934-1973 /
250 ## - EDITION STATEMENT
Edition statement 1 /
260 ## - PUBLICATION, DISTRIBUTION, ETC. (IMPRINT)
Place of publication New Delhi :
Name of publisher Indian standards institution ,
Year of publication 1982.
300 ## - PHYSICAL DESCRIPTION
Number of Pages 19 ; .
942 ## - ADDED ENTRY ELEMENTS (KOHA)
Koha item type Books
Holdings
Withdrawn status Lost status Damaged status Home library Current library Date acquired Full call number Accession Number Koha item type
      KAUAET   07/04/2012 627.831 17182 Books
free website counter